ARRUPE JESUIT UNIVERSITY

CORONAVIRUS -STOP THE SPREAD - CLEAN,DISINFECT,COVER

Calcidius on fate; (Record no. 123060)

MARC details
000 -LEADER
fixed length control field 00968cam a2200325 4500
001 - CONTROL NUMBER
control field 861251
005 - DATE AND TIME OF LATEST TRANSACTION
control field 20150818111403.0
008 - FIXED-LENGTH DATA ELEMENTS--GENERAL INFORMATION
fixed length control field 701021s1970 ne b 001 0 engm
010 ## - LIBRARY OF CONGRESS CONTROL NUMBER
LC control number 75512603
015 ## - NATIONAL BIBLIOGRAPHY NUMBER
National bibliography number Ne70-29
035 ## - SYSTEM CONTROL NUMBER
System control number (OCoLC)ocm00103271
035 ## - SYSTEM CONTROL NUMBER
System control number (NNC)861251
040 ## - CATALOGING SOURCE
Original cataloging agency DLC
Transcribing agency DLC
Modifying agency m.c.
-- SER
-- ZCU
050 0# - LIBRARY OF CONGRESS CALL NUMBER
Classification number B187.F3
Item number B6 1970
082 ## - DEWEY DECIMAL CLASSIFICATION NUMBER
Classification number 149/.8
100 1# - MAIN ENTRY--PERSONAL NAME
Personal name Boeft, J. den.
9 (RLIN) 18602
245 10 - TITLE STATEMENT
Title Calcidius on fate;
Remainder of title his doctrine and sources.
Statement of responsibility, etc By J. den Boeft.
260 ## - PUBLICATION, DISTRIBUTION, ETC. (IMPRINT)
Place of publication, distribution, etc Leiden,
Name of publisher, distributor, etc Brill,
Date of publication, distribution, etc 1970.
300 ## - PHYSICAL DESCRIPTION
Extent 152 p.
Dimensions 25 cm.
490 1# - SERIES STATEMENT
Series statement Philosophia antiqua ;
Volume number/sequential designation v. 18
500 ## - GENERAL NOTE
General note Issued also as thesis, Leiden.
504 ## - BIBLIOGRAPHY, ETC. NOTE
Bibliography, etc Includes bibliographical references.
600 00 - SUBJECT ADDED ENTRY--PERSONAL NAME
Personal name Calcidius.
9 (RLIN) 18603
650 #0 - SUBJECT ADDED ENTRY--TOPICAL TERM
Topical term or geographic name as entry element Fate and fatalism.
9 (RLIN) 18604
650 #0 - SUBJECT ADDED ENTRY--TOPICAL TERM
Topical term or geographic name as entry element Philosophy, Ancient.
9 (RLIN) 18605
830 #0 - SERIES ADDED ENTRY--UNIFORM TITLE
Uniform title Philosophia antiqua ;
Volume number/sequential designation v. 18.
9 (RLIN) 18606
942 ## - ADDED ENTRY ELEMENTS (KOHA)
Source of classification or shelving scheme Library of Congress Classification
Item type Monograph ( Printed materials)
948 2# - LOCAL PROCESSING INFORMATION (OCLC); SERIES PART DESIGNATOR (RLIN)
Series part designator, SPT (RLIN) 20061219
b (OCLC) e
c (OCLC) rch2
d (OCLC) MPS
Holdings
Withdrawn status Lost status Source of classification or shelving scheme Damaged status Not for loan Collection code Home library Current library Shelving location Date acquired Total Checkouts Full call number Barcode Date last seen Price effective from Koha item type
    Library of Congress Classification     Main Collection ARRUPE LIBRARY ARRUPE LIBRARY Main Collection 18/08/2015   B187.F3 B6 1970 46004004765 18/08/2015 18/08/2015 Monograph ( Printed materials)

 

Arrupe Library. PO Box MP320 Mt Pleasant, Harare, Zimbabwe
263 242 745411|librarian@aju.ac.zw